• 首页
  • 本馆介绍
  • 公告通知
  • 最新文献
  • 馆藏检索
  • 电子资源
  • 读者导购
  • 参考咨询
  • 我的图书馆
  • 登录
  • 详细信息显示
  • 放入我的书架
  • 预约/预借图书
  • 作者相关作品
  • 分类相关作品
  • 丛书相关作品
  • 出版社相关作品

书目信息

  • 表格格式
  • 工作单格式
  • 卡片格式
题名:
人间等活
    
 
作者: 汤文舜 著
分册:  
出版信息: 上海   上海三联书店  2016
页数: 197页
开本: 23cm
丛书名:
单 册:
中图分类: J228.5
科图分类:
主题词: 插图(绘画)--中国--现代--画册
电子资源:
ISBN: 978-7-5426-5756-5
000 01133nam0 2200229 450
001 417602
005 20180527222130.87
010    @a978-7-5426-5756-5@dCNY68.00
100    @a20170328d2016 em y0chiy50 ea
101 0  @achi
102    @aCN@b310000
105    @aa z 000yy
200 1  @a人间等活@9ren jian deng huo@f汤文舜著
210    @a上海@c上海三联书店@d2016
215    @a197页@d23cm
314    @a汤文舜,毕业于香港理工大学设计系,现为插画家,也是美术指导。
330    @a本书中,有一系列关于动物与环境的插画,人类和动物的角色颠倒,让读者能设身处地地带入每一个情景,每一个悲伤的故事;此外,每副插画都配有文字,讲述一个故事,让我们在埋头发展文明、满足自身愿望的同时,能够停下来想一想,如何与地球上其他的生物共生。本书中,有一系列关于动物与环境的插画,人类和动物的角色颠倒,让读者能设身处地地带入每一个情景,每一个悲伤的故事;此外,每副插画都配有文字,讲述一个故事,让我们在埋头发展文明、满足自身愿望的同时,能够停下来想一想,如何与地球上其他的生物共生。
606 0  @a插图(绘画)@y中国@z现代@j画册
690    @aJ228.5@v5
701  0 @a汤文舜@9tang wen shun@4著
801  0 @aCN@b91MARC@c20170328
905    @aMuseLib@dJ228.5@e383
    
    人间等活/汤文舜著.-上海:上海三联书店,2016
    197页;23cm
    
    
    ISBN 978-7-5426-5756-5:CNY68.00
    本书中,有一系列关于动物与环境的插画,人类和动物的角色颠倒,让读者能设身处地地带入每一个情景,每一个悲伤的故事;此外,每副插画都配有文字,讲述一个故事,让我们在埋头发展文明、满足自身愿望的同时,能够停下来想一想,如何与地球上其他的生物共生。本书中,有一系列关于动物与环境的插画,人类和动物的角色颠倒,让读者能设身处地地带入每一个情景,每一个悲伤的故事;此外,每副插画都配有文字,讲述一个故事,让我们在埋头发展文明、满足自身愿望的同时,能够停下来想一想,如何与地球上其他的生物共生。
●
相关链接 在E读中查询图书 在五车中查询图书 在当当中查询图书 在豆瓣中查询图书


正题名:人间等活     索取号:J228.5/383         预约/预借

序号 登录号 条形码 馆藏地/架位号 状态 备注
1 1112087   211120874   第一样本阅览室/ [索取号:J228.5/383] 在馆    
2 1112088   211120883   教育系资料室/ [索取号:J228.5/383] 在馆    
3 1112089   211120892   教育系资料室/ [索取号:J228.5/383] 在馆    
4 1112090   211120909   第一借阅区/ [索取号:J228.5/383] 在馆    
唐山师范学院图书馆 欢迎您!
大连网信软件有限公司© 版权所有